| 000 | 00617nam a2200229 i 4500 | ||
|---|---|---|---|
| 001 | bg | ||
| 100 | 1 | _aDYONIZIAK, Ryszard | |
| 245 | 0 | 0 |
_aSondaże a manipulowanie społeczeństwem / _cRyszard Dyoniziak. |
| 260 |
_aKraków : _b"Universitas", _c1997. |
||
| 300 |
_a129, [1] s. ; _c21 cm. |
||
| 500 | _aNa s. red. błędny ISBN. | ||
| 504 | _aBibliogr. s. 128. | ||
| 650 | 9 |
_aWywiad socjologiczny _xbłędy |
|
| 650 | 9 | _aSocjotechnika | |
| 020 | _a837052429X | ||
| 040 | _cBPK | ||
| 041 | 0 | _apl | |
| 080 | _a303.4/.8 | ||
| 920 | _a83-7052-429-X | ||
| 942 | _cKS | ||
| 008 | s pl f |000 0 pol | ||
| 999 |
_c39850 _d39850 |
||
| 856 |
_uhttp://koha.tu.koszalin.pl/cgi-bin/koha/opac-detail.pl?biblionumber=39850 _yKatalog online BPK |
||